书目信息 |
| 书名: | Managing business process flows | |
| 作者: | Ravi Anupindi ... [et al.]. | |
| 分册号: | ||
| 分册名: | 出版地: | Upper Saddle River, NJ : |
|
| 出版社: | Prentice Hall | |
| 出版时间: | c1999. | |
| 页数: | xii, 267 p. : | |
| 开本: | 26 cm. +1 + | |
| 丛书名: | ||
| 中图分类号: | ||
| 科图分类号: | ||
| 其他分类号: | F222.1 | |
| 主题词: | ||
| 电子资源: | ||
| 000 | 01083cam a22003014a 450 | |
| 001 | E0735461800 | |
| 005 | 20070707095430.09 | |
| 008 | 980803s1999 njua b 001 0 eng | |
| 010 | @a98030746 | |
| 020 | @a0139077758. | |
| 035 | @A(DLC) 98030746 | |
| 040 | @aDLC@cDLC@dDLC | |
| 042 | @apcc | |
| 050 | 00 | @aTS155@b.M33217 1999 |
| 082 | 00 | @a658.5@2 21 |
| 090 | @aF222.1 | |
| 099 | @dF222.1@ex77 | |
| 245 | 00 | @aManaging business process flows / @cRavi Anupindi ... [et al.]. |
| 250 | @a1st ed. | |
| 260 | @aUpper Saddle River, NJ :@bPrentice Hall,@cc1999. | |
| 300 | @axii, 267 p. :@bill. ;@c26 cm. +1 +@ecomputer laser optical disc (4 3/4 in.). | |
| 504 | @aIncludes bibliographical references. | |
| 650 | 0 | @aProcess control. |
| 650 | 0 | @aProduction management. |
| 700 | 1 | @aAnupindi, Ravi. |
| 906 | @a7@bcbc@corignew@d1@eocip@f19@gy-gencatlg | |
| 955 | @apc03 to sa00 08-03-98; sc11 08-04-98; to ASCD (Better in T55? ) sc16 08-05-98; jf08 08-06-98 to SL; je25 08-06-98 to ddc;CIP ver. jf12 06-15-99 | |
| 991 | @bc-GenColl@hTS155@i.M33217 1999@tCopy 1@wBOOKS | |
| Managing business process flows / / Ravi Anupindi ... [et al.].-1st ed.-Upper Saddle River, NJ : : Prentice Hall, , c1999. |
| xii, 267 p. : : ill. ; ; 26 cm. +1 + + computer laser optical disc (4 3/4 in.). |
| Includes bibliographical references. |
| ISBN 0139077758. |
| ● |
| 相关链接 |
|
|
|
|
正题名:Managing business process flows
索取号:F222.1/x77
 
预约/预借
| 序号 | 登录号 | 条形码 | 馆藏地/架位号 | 状态 | 备注 |
| 1 | 12423 | 300124238 | 第二样本阅览室/ [索取号:F222.1/x77] | 在馆 | |
| 2 | 12424 | 300124247 | 第四借阅区/ [索取号:F222.1/x77] | 在馆 | |
| 3 | 12425 | 300124256 | 第四借阅区/ [索取号:F222.1/x77] | 在馆 | |
| 4 | 12426 | 300124265 | 第四借阅区/ [索取号:F222.1/x77] | 在馆 | |
| 5 | 13084 | 300130846 | 第四借阅区/ [索取号:F222.1/x77] | 在馆 | |
| 6 | 13085 | 300130855 | 第四借阅区/ [索取号:F222.1/x77] | 在馆 | |
| 7 | 13086 | 300130864 | 第四借阅区/ [索取号:F222.1/x77] | 在馆 | |
| 8 | 13087 | 300130873 | 第四借阅区/ [索取号:F222.1/x77] | 在馆 |